|
|
|
|
| LEADER |
00000nam a2200000 a 4500 |
| 001 |
vtls001398259 |
| 003 |
SK-MaSNL |
| 005 |
20260301151220.0 |
| 008 |
251124s1997 xo a 00000 slo |
| 015 |
|
|
|a SNBA2000/12-04489
|
| 020 |
|
|
|a 809677204X
|q (brož.)
|
| 035 |
|
|
|a SNK000352686
|
| 035 |
|
|
|a urn:nbn:sk:snk-amyenq
|
| 035 |
|
|
|a urn:nbn:sk:snk-am00ci6j
|
| 035 |
|
|
|a 85829B02-BA5E-418D-8C2C-0D1B43238DAE
|
| 040 |
|
|
|a SNK
|b slo
|c SNK
|e AACR2
|
| 041 |
0 |
|
|a slo
|
| 044 |
|
|
|a xo
|c SK
|
| 072 |
|
7 |
|a 574
|x Všeobecná ekológia
|2 konspekt
|
| 072 |
|
7 |
|a 316.4
|x Sociálne procesy
|2 konspekt
|
| 080 |
|
|
|a 574
|2 2001
|
| 080 |
|
|
|a 316.4.063.34
|2 2001
|
| 080 |
|
|
|a (075.8)
|2 2001
|
| 100 |
1 |
|
|a Šíbl, Jaromír,
|d 1962-
|4 aut
|9 244649
|
| 245 |
1 |
|
|a Ochrana biologickej diverzity - medzinárodné aspekty
|c Jaromír Šíbl, Zuzana Guziová, Peter Straka
|
| 260 |
|
|
|a Bratislava
|b AP
|c 1997
|
| 300 |
|
|
|a 191 s.
|b ilustr.
|c 30 cm
|
| 490 |
1 |
|
|a Vysokoškolské skriptá / Univerzita Komenského
|
| 504 |
|
|
|a Bibliogr. s. 82
|
| 650 |
0 |
7 |
|a biodiverzita
|2 SNKPH
|9 3702
|
| 650 |
0 |
7 |
|a medzinárodná spolupráca
|2 SNKPH
|9 4911
|
| 655 |
|
7 |
|a učebnice vysokých škôl
|2 SNKPH
|9 70191
|
| 700 |
1 |
|
|a Guziová, Zuzana,
|d 1963-
|4 aut
|9 262178
|
| 700 |
1 |
|
|a Straka, Peter,
|d 1954-2019
|4 aut
|9 234213
|
| 810 |
2 |
|
|a Univerzita Komenského v Bratislave.
|b Prírodovedecká fakulta
|t Vysokoškolské skriptá
|9 276765
|
| 919 |
|
|
|a 80-967720-4-X
|
| 958 |
|
|
|a TL
|
| 958 |
|
|
|a UV
|
| 958 |
|
|
|a NB
|
| 999 |
|
|
|c 785942
|d 787872
|
| 952 |
|
|
|t P60, <03>, [BOOK], {603}
|a SNK
|b SNK
|y PREZ
|7 0
|p 17A0256338
|o snkSB 62444
|i snkKSP 11100/2000
|0 0
|1 0
|4 0
|d 2000-10-25
|f 1
|l 0
|r 2025-04-11 00:00:00
|w 2026-02-24
|
| 952 |
|
|
|t P60, <04>, [BOOK], {604}
|a SNK
|b SNK
|y VYP
|7 0
|p 17A0256339
|o snkSB 62444 D1
|i snkKSP 11101/2000
|0 0
|1 0
|4 0
|d 2000-10-25
|l 0
|r 2005-01-02 00:00:00
|w 2026-02-24
|